| 000 | 00969nam a2200229Ia 4500 | ||
|---|---|---|---|
| 001 | 18924 | ||
| 005 | 20260406165236.0 | ||
| 008 | 260306s9999||||xx |||||||||||||| ||und|| | ||
| 041 | _aESP | ||
| 082 |
_a658.562 _bG96A |
||
| 100 |
_aGutiérrez Pulido, Humberto, _eAUT |
||
| 245 | 0 | _aCalidad y productividad | |
| 260 | _c2020 | ||
| 300 |
_a379 páginas : _c27 cm. |
||
| 650 | _aGEN | ||
| 654 | _aCAN | ||
| 856 |
_uhttps://itmsp.museknowledge.com/UCSP?url=https://www.ebooks7-24.com:443/?il=10411&pg=1 _zVersión digital |
||
| 856 |
_uhttps://0u213vcim-y-https-ebooks7--24-com.itmsp.museknowledge.com/biblioteca.aspx _zVéase además: Base de datos Ebook7-24 |
||
| 856 |
_uhttps://0u20fvcis-y-https-research-ebsco-com.itmsp.museknowledge.com/c/qxo6us/search _zVéase además: Base de datos EBSCOhost |
||
| 856 |
_uhttps://0u20yvciv-y-https-www-bibliotechnia-com-mx.itmsp.museknowledge.com/ _zVéase además: Base de datos BiblioTechnia |
||
| 942 |
_cLIB _dJUS _fJUS _2ddc |
||
| 999 |
_c18924 _d18924 |
||